Los elementos de la administración

Đã lưu trong:
Chi tiết về thư mục
Tác giả chính: Urwick, L.
Định dạng: Sách
Ngôn ngữ:Tiếng Tây Ban Nha
Được phát hành: México, D. F. Herrera Hermanos 1961
Phiên bản:2ª ed.
Những chủ đề:
Các nhãn: Thêm thẻ
Không có thẻ, Là người đầu tiên thẻ bản ghi này!

MARC

LEADER 00000nam a22000005a 4500
003 CL-ChBUA
005 20120815091611.0
008 090129s1961 mx ||||| |||| 000 ||spa
040 |a CL-ChBUA  |c CL-ChBUA 
082 0 0 |a 658 
090 |c 25888  |d 25888 
100 1 |a Urwick, L. 
245 1 0 |a Los elementos de la administración 
250 |a 2ª ed. 
260 |a México, D. F.  |b Herrera Hermanos  |c 1961 
300 |a 168 p.  |c 23 cm. 
504 |a índice 
650 4 |a ADMINISTRACION 
942 |c LIB 
952 |0 0  |1 0  |4 0  |7 0  |9 60611  |a UNACH  |b UNACH  |c 600  |d 2009-01-29  |i 44.070  |l 1  |o 658 / Ur 83  |p 61746  |r 2023-04-03 00:00:00  |s 2023-03-30  |u 60611  |w 2012-08-08  |y LIB  |k 658 / Ur 83 
999 |c 25888  |d 25888